[Event "AUTO-BEG-206"]
[Site "http://www.queenalice.com/game.php?id=386479"]
[Date "2008.4.12"]
[Round "1"]
[White "RuiSilva"]
[Black "Kuroi"]
[Result "1/2-1/2"]
[WhiteElo "1498"]
[BlackElo "1612"]

1. e4 e5 2. Nf3 d6 3. d4 Nc6 4. Bb5 Bg4 5. d5 a6 6. Bxc6+ bxc6 7. dxc6 Nf6 8.
Bg5 Be7 9. Nc3 Qb8 10. Bxf6 Qxb2 11. Nd5 Bd8 12. Bxg7 Rg8 13. Nf6+ Bxf6 14. Bxf6
Qc3+ 15. Ke2 Qxc6 16. Qd5 Qxd5 17. exd5 Bf5 18. Ng5 Bxc2 19. Rac1 h6 20. Rxc2
hxg5 21. Rxc7 Rg6 22. Bh8 Rb8 23. Rhc1 Kd8 24. R7c6 Rb2+ 25. Ke3 Rb8 26. Rxa6
Rh6 27. Bxe5 Rb5 28. Ke4 Rh4+ 29. Kf5 dxe5 30. Kxe5 Rb8 31. d6 f6+ 32. Kxf6 Rf4+
33. Kxg5 Rxf2 34. Ra7 Rxg2+ 35. Kf6 Rf2+ 36. Ke6 Re2+ 37. Kf7 Rxh2 38. Rg1 Rh7+
39. Ke6 Rh6+ 40. Kf5 Rb5+ 41. Ke4 Re6+ 42. Kd4 Re8 43. d7 Rh8 44. Ra8+ Kxd7 45.
Rxh8 Rb4+ 46. Kc3 Rf4 47. Rh6 Rf3+ 48. Kd2 Rf7 49. Rb1 Kc7 50. Ke2 Re7+ 51. Kd3
Rd7+ 52. Kc4 Re7 53. Kd5 Rd7+ 54. Ke6 Rd6+ 55. Ke5 Rxh6 56. Rc1+ Kd7 57. a4 Ra6
58. Rc4 Re6+ 59. Kf5 Rc6 60. Rd4+ Kc7 61. a5 Rc5+ 62. Ke4 Rxa5 63. Rc4+ Kb7 64.
Rb4+ Ka6 65. Rd4 Kb6 1/2-1/2

[Event "Challenge"]
[Site "http://www.queenalice.com/game.php?id=389652"]
[Date "2008.4.18"]
[Round "-"]
[White "RuiSilva"]
[Black "Hagi"]
[Result "1/2-1/2"]
[WhiteElo "1491"]
[BlackElo "1463"]

1. e4 e5 2. Nf3 d6 3. d3 c6 4. d4 Nd7 5. dxe5 d5 6. exd5 cxd5 7. Qxd5 Qc7 8. Bc4
Ne7 9. Qxf7+ Kd8 10. e6 Qxc4 11. Nbd2 Qd5 12. c4 Qf5 13. O-O Nc5 14. Rd1 Bxe6
15. Nb3+ Nd7 16. Qxf5 Bxf5 17. Ne5 Ke8 18. Nxd7 Bxd7 19. Nc5 Bg4 20. f3 Bh5 21.
Ne6 Bf7 22. Nxf8 Rxf8 23. Re1 Bxc4 24. Bg5 Rf7 25. Bxe7 Rxe7 26. Rxe7+ Kxe7 27.
Rc1 Bd5 28. Rc7+ Kd8 29. Rxg7 Rc8 30. Rxh7 Rc1+ 31. Kf2 Rc2+ 32. Ke3 Rxg2 33.
Kd4 Bxf3 34. Ke5 Rg6 35. h4 b5 36. h5 Rg5+ 37. Kd6 Rxh5 38. Rxa7 Rd5+ 39. Ke6
Kc8 40. b4 Kb8 41. Ra5 Kc7 42. a4 Kb6 43. axb5 Rxb5 44. Rxb5+ Kxb5 45. Ke5 Kxb4
46. Kf4 Bd5 47. Ke5 Kc4 48. Kd6 1/2-1/2

[Event "Challenge"]
[Site "http://www.queenalice.com/game.php?id=395363"]
[Date "2008.4.29"]
[Round "-"]
[White "RuiSilva"]
[Black "Lesser"]
[Result "0-1"]
[WhiteElo "1535"]
[BlackElo "1837"]

1. e4 e5 2. Nf3 Nc6 3. Nc3 Bc5 4. d3 h6 5. Nb5 Nf6 6. c3 a6 7. d4 exd4 8. Nbxd4
Nxd4 9. cxd4 Bb4+ 10. Bd2 Bxd2+ 11. Nxd2 O-O 12. Bc4 d6 13. O-O Bg4 14. f3 Bd7
15. e5 dxe5 16. dxe5 Nh7 17. Qc2 Qg5 18. Bd3 g6 19. f4 Qg4 20. Qxc7 Bc6 21. Bc4
Rac8 22. Qe7 Qf5 23. e6 Bd5 24. Rad1 Bxc4 25. Nxc4 fxe6 26. Rd7 Rf7 27. Rd8+
Rxd8 28. Qxd8+ Rf8 29. Qe7 Nf6 30. Rd1 Qxf4 31. Nb6 Ne4 32. Qxe6+ Rf7 33. Rd8+
Kg7 34. h3 Qe3+ 35. Kh2 Qg3+ 36. Kg1 Rf1+ 37. Kxf1 Qf2# 0-1

[Event "Challenge"]
[Site "http://www.queenalice.com/game.php?id=401165"]
[Date "2008.5.10"]
[Round "-"]
[White "Lx"]
[Black "RuiSilva"]
[Result "0-1"]
[WhiteElo "1504"]
[BlackElo "1514"]

1. b3 e5 2. e4 Nf6 3. Nf3 Bc5 4. d4 Bxd4 5. Nxd4 exd4 6. Qxd4 O-O 7. e5 Nc6 8.
Qc3 Qe7 9. Bb2 Ne4 10. Qe3 d5 11. exd6 cxd6 12. Nd2 Nb4 13. Nxe4 Nxc2+ 14. Ke2
Nxe3 15. Kxe3 d5 16. f3 dxe4 17. fxe4 Bf5 18. Bd3 Rfe8 19. Rhd1 Bxe4 20. Bxe4
Qxe4+ 21. Kd2 Rad8+ 22. Kc3 Rxd1 23. Rxd1 Rc8+ 24. Kd2 Rd8+ 25. Kc1 Qc6+ 26. Bc3
Qxc3+ 0-1

[Event "Challenge"]
[Site "http://www.queenalice.com/game.php?id=409548"]
[Date "2008.5.28"]
[Round "-"]
[White "cacaucopa"]
[Black "RuiSilva"]
[Result "1-0"]
[WhiteElo "1467"]
[BlackElo "1539"]

1. c3 e5 2. d4 exd4 3. cxd4 d5 4. Bf4 Bf5 5. e3 Bb4+ 6. Nc3 Nf6 7. Qb3 Nc6 8. a3
Bxc3+ 9. Qxc3 Ne4 10. Qd3 Nxf2 11. Qxf5 Nxh1 12. Nh3 O-O 13. Qh5 Qe7 14. Bd3
Nxd4 15. Bxh7+ Kh8 16. Be4+ Kg8 17. Qh7# 1-0

[Event "Challenge"]
[Site "http://www.queenalice.com/game.php?id=412084"]
[Date "2008.6.2"]
[Round "-"]
[White "filomenos"]
[Black "RuiSilva"]
[Result "0-1"]
[WhiteElo "1819"]
[BlackElo "1570"]

1. d4 d5 2. Nc3 Nc6 3. e3 e5 4. Nf3 e4 5. Nd2 Bb4 6. Ne2 Bxd2+ 7. Bxd2 Bg4 8. h3
Bxe2 9. Bxe2 Nf6 10. Bb5 O-O 11. Bxc6 bxc6 12. Bb4 Re8 13. O-O c5 14. Bxc5 Rb8
15. b4 c6 16. a3 a5 17. c3 axb4 18. axb4 Qc7 19. Ra7 Qc8 20. Qd2 Ra8 21. Rfa1
Rxa7 22. Rxa7 Rd8 23. Qa2 Nd7 24. Qa6 Qxa6 25. Rxa6 Nxc5 26. dxc5 Rc8 27. g4 g5
28. Kg2 Kg7 29. Kg3 Kg6 30. Ra1 f5 31. Rc1 Ra8 32. c4 dxc4 33. Rxc4 h5 34. gxf5+
Kxf5 35. f3 h4+ 36. Kf2 Ra2+ 37. Kf1 exf3 38. Rg4 Re2 39. e4+ Rxe4 40. Rxe4 Kxe4
41. Kf2 Kd5 42. Kxf3 Ke5 43. Kg4 Kf6 44. Kf3 Kf5 45. Kg2 Ke5 46. Kf3 Kf5 47. b5
cxb5 48. c6 Ke6 49. c7 Kd7 50. c8=Q+ Kxc8 0-1

[Event "AUTO-BEG-204"]
[Site "http://www.queenalice.com/game.php?id=425867"]
[Date "2008.7.1"]
[Round "2"]
[White "RuiSilva"]
[Black "THEJEGUE"]
[Result "1-0"]
[WhiteElo "1522"]
[BlackElo "1648"]

1. e4 a6 2. d4 d5 3. e5 e6 4. Nf3 c5 5. dxc5 Bxc5 6. Bd3 h6 7. O-O Qb6 8. b3 f6
9. exf6 gxf6 10. Qe1 a5 11. Be3 d4 12. Bd2 Ne7 13. Nh4 e5 14. a4 Rg8 15. f4 Bh3
16. fxe5 f5 17. Kh1 Ng6 18. Qg3 Nxh4 19. Qxg8+ Bf8 20. Bxh6 Bxg2+ 21. Kg1 Qxh6
22. Re1 Nf3+ 23. Kxg2 Nxe1+ 24. Kf1 Nxd3 25. cxd3 Qc1+ 26. Ke2 Qb2+ 27. Nd2 Qxa1
28. Qe6+ Be7 29. Qc8+ Bd8 30. Qxb7 Nd7 31. e6 Nb6 32. Qf7# 1-0

[Event "AUTO-BEG-204"]
[Site "http://www.queenalice.com/game.php?id=425868"]
[Date "2008.7.1"]
[Round "2"]
[White "THEJEGUE"]
[Black "RuiSilva"]
[Result "0-1"]
[WhiteElo "1657"]
[BlackElo "1550"]

1. e4 e5 2. Nf3 Nc6 3. d4 exd4 4. Nxd4 Nxd4 5. Qxd4 c5 6. Qe5+ Qe7 7. Qxe7+ Bxe7
8. Bc4 Nf6 9. f3 O-O 10. O-O d5 11. exd5 Bf5 12. Na3 a6 13. Bg5 b5 14. Bxf6 Bxf6
15. Bd3 Bxd3 16. cxd3 Bxb2 17. Rad1 Bxa3 18. d4 Rad8 19. dxc5 Bxc5+ 20. Kh1 h6
21. g4 g5 22. Rd3 Rfe8 23. Rfd1 Rd7 24. Rc3 Rc8 25. Rcd3 Re8 26. d6 Re6 27. Kg2
Re2+ 28. Kh3 Rxa2 29. Rc3 Rxd6 30. Re1 Bd4 31. Rc8+ Kg7 32. Ree8 Kf6 33. Rh8 Be5
34. Rxh6+ Ke7 35. Rhh8 Rxh2# 0-1

[Event "AUTO-BEG-204"]
[Site "http://www.queenalice.com/game.php?id=425869"]
[Date "2008.7.1"]
[Round "2"]
[White "RuiSilva"]
[Black "Papageno"]
[Result "1-0"]
[WhiteElo "1488"]
[BlackElo "2017"]

1. e4 e5 2. Nf3 Nc6 3. Bb5 d6 4. Bxc6+ bxc6 5. O-O Qf6 6. d3 Bg4 7. Nc3 Bxf3 8.
Qxf3 Qxf3 9. gxf3 Nf6 10. f4 exf4 11. Bxf4 O-O-O 12. e5 Ng4 13. Bg5 Re8 14. exd6
Bxd6 15. h3 Ne5 16. f4 Ng6 17. f5 Ne7 18. Bxe7 Rxe7 19. Rae1 Rxe1 20. Rxe1 h5
21. Ne4 h4 22. Nxd6+ cxd6 23. Re7 g6 24. fxg6 fxg6 25. Rxa7 Rf8 26. Ra8+ 1-0

[Event "AUTO-BEG-204"]
[Site "http://www.queenalice.com/game.php?id=425870"]
[Date "2008.7.1"]
[Round "2"]
[White "Papageno"]
[Black "RuiSilva"]
[Result "1-0"]
[WhiteElo "1987"]
[BlackElo "1524"]

1. Nf3 d5 2. c4 dxc4 3. e4 Bg4 4. Bxc4 Bxf3 5. Qxf3 e6 6. e5 Nc6 7. Bb5 Bc5 8.
Bxc6+ bxc6 9. Qxc6+ Ke7 10. Qxc5+ Ke8 11. Qc6+ Kf8 12. b3 Ne7 13. Ba3 Rb8 14.
O-O g6 15. Qc5 a6 16. Nc3 c6 17. Qxc6 Kg7 18. Bxe7 Qxe7 19. Qxa6 Qd8 20. Qe2 Qg5
21. Rfb1 Rbd8 22. Qe3 Qxe3 23. dxe3 Rd3 24. Nb5 Rc8 25. Nd4 Rcc3 26. a4 Rd2 27.
a5 Rc7 28. a6 Rd3 29. a7 Rxa7 30. Rxa7 h5 31. Nxe6+ Kh6 32. Rxf7 Rd5 33. b4 Rxe5
34. Nf4 Kg5 35. b5 1-0

[Event "AUTO-INT-994"]
[Site "http://www.queenalice.com/game.php?id=444888"]
[Date "2008.8.7"]
[Round "1"]
[White "V_Spy"]
[Black "RuiSilva"]
[Result "0-1"]
[WhiteElo "1278"]
[BlackElo "1518"]

1. e4 e5 2. Nf3 Nc6 3. b3 d6 4. Ba3 Nd4 5. Nxd4 exd4 6. Qf3 Nf6 7. Bb5+ Bd7 8.
Bxd7+ Qxd7 9. Qd3 d5 10. Qxd4 Bxa3 11. Nxa3 Nxe4 12. Qxg7 O-O-O 13. Qd4 Rhg8 14.
O-O Qh3 15. Rfe1 Qxg2# 0-1

[Event "AUTO-INT-994"]
[Site "http://www.queenalice.com/game.php?id=444889"]
[Date "2008.8.7"]
[Round "1"]
[White "RuiSilva"]
[Black "V_Spy"]
[Result "1-0"]
[WhiteElo "1543"]
[BlackElo "1328"]

1. e4 Nf6 2. Nc3 Nc6 3. Bc4 Ne5 4. d3 Nxc4 5. dxc4 e6 6. e5 Ng8 7. Nf3 c5 8. Bf4
Qc7 9. O-O Nh6 10. Bxh6 gxh6 11. a3 Be7 12. Nb5 Qc6 13. Nd6+ Bxd6 14. exd6 Rg8
15. g3 Qa4 16. b3 Qa6 17. Ne5 f6 18. Qh5+ Kd8 19. Rad1 fxe5 20. Qh4+ Ke8 21.
Qe7# 1-0

[Event "AUTO-INT-994"]
[Site "http://www.queenalice.com/game.php?id=444904"]
[Date "2008.8.7"]
[Round "1"]
[White "italomachado"]
[Black "RuiSilva"]
[Result "0-1"]
[WhiteElo "1433"]
[BlackElo "1596"]

1. e4 e5 2. Qf3 Nf6 3. b3 Nc6 4. g4 Nd4 5. Qd1 d6 6. c3 Nc6 7. g5 Nxe4 8. Qf3
Nxg5 9. Qd1 d5 10. d4 e4 11. Qe2 Bd6 12. Nh3 Nf3+ 13. Kd1 Nxh2 14. Bg2 Bg4 15.
Bg5 Bxe2+ 16. Kxe2 f6 17. Be3 Ng4 18. f3 exf3+ 19. Bxf3 Nxe3 20. Kxe3 Qe7+ 21.
Kd3 g5 22. Nd2 Bf4 23. Rhe1 Be5 24. dxe5 Nxe5+ 25. Kc2 O-O-O 26. a4 Qd7 27. Be2
d4 28. cxd4 Qxd4 29. Red1 Qc5+ 30. Kb2 Qe3 31. Ng1 Rxd2+ 32. Ka3 Rxd1 33. Rxd1
Rd8 34. Rf1 Rd6 35. Bd1 Nc4+ 36. Kb4 Rd4 37. Rf3 Nd2+ 38. Ka3 Qxg1 39. Bc2 Qa1#
0-1

[Event "AUTO-INT-994"]
[Site "http://www.queenalice.com/game.php?id=444905"]
[Date "2008.8.7"]
[Round "1"]
[White "RuiSilva"]
[Black "italomachado"]
[Result "0-1"]
[WhiteElo "1520"]
[BlackElo "1387"]

1. e4 e5 2. Nf3 Qf6 3. d4 exd4 4. Nxd4 Bc5 5. c3 b5 6. Bxb5 c6 7. Bc4 Qe5 8. Bd3
f5 9. Nxf5 d5 10. Qh5+ g6 11. Qg5 gxf5 12. O-O Bd6 13. Bd2 Qxh2# 0-1

[Event "AUTO-INT-994"]
[Site "http://www.queenalice.com/game.php?id=444914"]
[Date "2008.8.7"]
[Round "1"]
[White "Cristianopesoa"]
[Black "RuiSilva"]
[Result "0-1"]
[WhiteElo "1668"]
[BlackElo "1547"]

1. e4 e5 2. Nf3 Nc6 3. Bc4 Nh6 4. d3 Bc5 5. h3 O-O 6. Bg5 Be7 7. Bxe7 Qxe7 8.
Qd2 Nd4 9. Nxd4 exd4 10. Qf4 d6 11. g4 Be6 12. g5 Nf5 13. Nd2 Bxc4 14. Qxf5 Be6
15. Qf4 f5 16. gxf6 Rxf6 17. Qg3 Raf8 18. O-O-O Rg6 19. Qh2 Qh4 20. Rdg1 Rxf2
21. Nf3 Rxh2 22. Nxh4 Rxg1+ 23. Rxg1 Rxh3 24. Ng2 Rg3 25. Kd2 Bh3 26. Ke2 Rxg2+
27. Rxg2 Bxg2 28. Kf2 Bh3 29. Kg3 Be6 30. a4 Kf7 31. Kf4 Kf6 32. c4 c5 33. a5 a6
34. b3 g5+ 35. Kg3 h5 36. Kf3 h4 37. Kg2 g4 38. Kh2 Ke5 39. Kg2 h3+ 40. Kg3 Bd7
41. Kh2 Kf4 42. Kh1 Kf3 43. Kh2 Kf2 44. Kh1 g3 45. e5 g2+ 46. Kh2 g1=Q# 0-1

[Event "AUTO-INT-994"]
[Site "http://www.queenalice.com/game.php?id=444915"]
[Date "2008.8.7"]
[Round "1"]
[White "RuiSilva"]
[Black "Cristianopesoa"]
[Result "0-1"]
[WhiteElo "1556"]
[BlackElo "1737"]

1. e4 e5 2. Nf3 Nc6 3. Bc4 h6 4. O-O Nf6 5. d3 Bc5 6. c3 d5 7. exd5 Nxd5 8. d4
exd4 9. Bxd5 Qxd5 10. Qe1+ Be6 11. cxd4 Bb4 12. Bd2 Bxd2 13. Nbxd2 O-O-O 14. Nb3
g5 15. Nc5 Bg4 16. Qc3 Bxf3 17. Qxf3 Nxd4 18. Qg4+ f5 19. Qg3 Ne2+ 20. Kh1 Nxg3+
21. hxg3 Qxc5 22. a3 f4 23. gxf4 gxf4 24. Rac1 Qh5+ 25. Kg1 f3 26. g3 Rhg8 27.
Rcd1 Qh3 0-1

[Event "QA-ANNIV-04"]
[Site "http://www.queenalice.com/game.php?id=445646"]
[Date "2008.8.8"]
[Round "2"]
[White "RuiSilva"]
[Black "Altos"]
[Result "0-1"]
[WhiteElo "1605"]
[BlackElo "1704"]

1. e4 e5 2. Nf3 Nc6 3. Bc4 Nf6 4. Ng5 d5 5. exd5 Nxd5 6. Nc3 Nxc3 7. bxc3 Be6 8.
Bxe6 Qxg5 9. Qg4 Qxg4 10. Bxg4 g6 11. O-O Bc5 12. Bf3 O-O 13. Bxc6 bxc6 14. d4
exd4 15. Bb2 dxc3 16. Bxc3 Rfe8 17. h3 Rad8 18. Rab1 Rb8 19. Rxb8 Rxb8 20. Ba5
Bb6 21. Rb1 Re8 22. Bxb6 cxb6 23. a4 Re5 24. g4 Ra5 25. Ra1 b5 26. Ra3 Rxa4 27.
Rc3 Rc4 28. Rd3 Rxc2 29. h4 b4 30. h5 Rc3 31. Rd8+ Kg7 32. hxg6 hxg6 33. Rb8 b3
34. Kf1 a5 35. Ke1 a4 36. Kd1 a3 37. Kd2 Rc2+ 38. Kd1 Rb2 39. Kc1 Rc2+ 40. Kb1
a2+ 41. Ka1 Rc1+ 0-1

[Event "Challenge"]
[Site "http://www.queenalice.com/game.php?id=449838"]
[Date "2008.8.17"]
[Round "-"]
[White "Nefelibatas"]
[Black "RuiSilva"]
[Result "1-0"]
[WhiteElo "1520"]
[BlackElo "1576"]

1. e4 e5 2. Nf3 Nc6 3. d4 exd4 4. Nxd4 Nxd4 5. Qxd4 d6 6. Be3 Nf6 7. e5 Nh5 8.
Be2 Be7 9. Bxh5 dxe5 10. Qxe5 O-O 11. Qg3 Bf6 12. c3 g6 13. Bg4 Bxg4 14. Qxg4 h5
15. Qf3 Re8 16. O-O c6 17. Rd1 Qc7 18. Qxf6 Re6 19. Qf3 Rd8 20. Na3 Rxd1+ 21.
Rxd1 Rd6 22. Rxd6 Qxd6 23. Nc4 Qd3 24. Nd2 Qc2 25. g3 Qxb2 26. Ne4 f5 27. Nf6+
1-0

[Event "Challenge"]
[Site "http://www.queenalice.com/game.php?id=463419"]
[Date "2008.9.15"]
[Round "-"]
[White "filomenos"]
[Black "RuiSilva"]
[Result "1-0"]
[WhiteElo "1775"]
[BlackElo "1593"]

1. d4 d5 2. Nc3 Nf6 3. Bf4 a6 4. g3 Nc6 5. Bg2 Nxd4 6. Be5 Nc6 7. Bxf6 exf6 8.
a3 Bc5 9. Bxd5 O-O 10. e3 Ne7 11. Nf3 Be6 12. Bxb7 Qxd1+ 13. Rxd1 Rad8 14. O-O
Rxd1 15. Rxd1 c6 16. Bxa6 Nd5 17. Nxd5 Bxd5 18. Nd4 1-0

[Event "Challenge"]
[Site "http://www.queenalice.com/game.php?id=463420"]
[Date "2008.9.15"]
[Round "-"]
[White "RuiSilva"]
[Black "filomenos"]
[Result "0-1"]
[WhiteElo "1584"]
[BlackElo "1784"]

1. e4 e5 2. Nf3 Bd6 3. Bc4 h6 4. O-O Nf6 5. Nc3 O-O 6. d3 Nc6 7. d4 a6 8. d5 Ne7
9. Be3 Bb4 10. Nxe5 Bxc3 11. bxc3 Nxe4 12. Qd3 Nd6 13. Bc5 Nxc4 14. Nxc4 d6 15.
Ba3 Bf5 16. Qd2 Be4 17. Ne3 Nf5 0-1

[Event "Challenge"]
[Site "http://www.queenalice.com/game.php?id=644696"]
[Date "2009.8.30"]
[Round "-"]
[White "Tanatos"]
[Black "RuiSilva"]
[Result "1-0"]
[WhiteElo "1633"]
[BlackElo "1568"]

1. e4 e6 2. d4 Be7 3. Bd3 Nc6 4. Nf3 a5 5. O-O Nb4 6. Bc4 d5 7. exd5 exd5 8. Bd3
b6 9. a3 Nc6 10. Bb5 Qd6 11. Ne5 Bd7 12. Re1 Nh6 13. c4 f6 14. Nf3 O-O-O 15. Nc3
f5 16. Ba6+ Kb8 17. h3 Bf6 18. Nxd5 Be6 19. Bf4 Qf8 20. Nxc7 Rxd4 21. Nxd4 Qc5
22. Ncxe6+ Ka7 23. Nxc5 Rd8 24. Nxc6+ Ka8 25. Bb7# 1-0